| 000 | 00636nam a22002057a 4500 | ||
|---|---|---|---|
| 999 |
_c7378 _d7378 |
||
| 003 | OSt | ||
| 005 | 20211025130704.0 | ||
| 008 | 211025b ||||| |||| 00| 0 eng d | ||
| 020 | _a9789332586550 | ||
| 040 | _cDDC | ||
| 082 | _a337KRU 2018 | ||
| 100 |
_aKrugman,Paul R.; Obstfeld,Maurice; Melitz,Marc J.; _915114 |
||
| 245 |
_aInternational Economics Theory and Policy. _cEdited by Krugman,Paul R.; Obstfeld,Maurice and Melitz,Marc J.; |
||
| 250 | _a10th Ed. | ||
| 260 |
_aIndia. _bPearson. _c2018. |
||
| 300 |
_a785p; _bill; _c25cm. |
||
| 504 | _aIncludes; References and Index. | ||
| 650 |
_aEconomics. _9975 |
||
| 942 |
_2ddc _cO_SHELF |
||